| 000 | 00554nam a2200193 a 4500 | ||
|---|---|---|---|
| 001 | 2386 | ||
| 005 | 20140414131910.0 | ||
| 008 | 050531s19uu xx 00 eng d | ||
| 020 | _a1-896938-01-9 | ||
| 050 |
_aER _bB48 1996 |
||
| 100 | _aPaterson, Sheryl | ||
| 245 |
_aBig race (The) / _cwritten by Sheryl Paterson ; illustrated by Royce Mattice. |
||
| 260 |
_aCanada : _bCreative, _c1996. |
||
| 300 | _ap. : ill. ; cm. | ||
| 440 | _aLittle dinosaur's adventures | ||
| 650 |
_aDinosaurs _xFiction. |
||
| 650 | _aChildren stories. | ||
| 999 |
_c111157 _d111157 |
||